Land vs. Land #75 - Statistiken

Allgemein
  • Dieses Quiz wurde 19 mal gespielt
  • Das Durchschnittsergebnis liegt bei 10 aus 14
Antwortstatistiken
Frage Antwort % Korrekt
...Fläche? Myanmar🇲🇲
100%
...Militär? Myanmar🇲🇲
100%
...Einwohner? Myanmar🇲🇲
94%
...Gewinner? Myanmar🇲🇲
94%
...Bruttoinlandsprodukt? Myanmar🇲🇲
89%
...Exportmengen? Myanmar🇲🇲
89%
...durchschnittlicher IQ? Myanmar🇲🇲
83%
...Bruttoinlandsprodukt pro Kopf? Myanmar🇲🇲
78%
...Frieden? Malawi🇲🇼
67%
...HDI (Human Development Index)? Myanmar🇲🇲
67%
...Happy Planet Index? Myanmar🇲🇲
39%
...Tourismus? Malawi🇲🇼
33%
...Gesundheitswesen? Malawi🇲🇼
28%
...Lebenserwartung? Malawi🇲🇼
22%
Keine übereinstimmenden Quizze gefunden
Verteilung der Resultate
Anzahl Personen mit jedem Resultat
Perzentil nach korrekt beantworteten Fragen
Ihre Resultats-Entwicklung
Sie haben dieses Quiz noch nicht gespielt